000 00431pab a2200169 454500
008 180718b2001 xxu||||| |||| 00| 0 eng d
100 _aSingh, B.K.
245 _aPeople's participation in social forestry: a study of Nainital district
260 _c2001
300 _ap.71-79.
362 _aJan-Mar
650 _aForestry
700 _aKumar, B.
700 _aBhardwaj, Neelam
773 _aIASSI Quarterly
909 _a52824
999 _c52824
_d52824